00665 2200181 4500245004500000020001800045250001100063100001800074700002700092650002000119005001900139260003000158041001400188084000800202300002600210500023800236336000900474 aSabtu Bersama BapakcAdhitya MulyahText a979-780-721-5 aCet. 2 aAdhitya Mulya aResita Wahyu Febiratri aNovel Indonesia a20231002133948 aJakartabGagasMediac2014 aIndonesia a813 ax, 278 hlm. :c19 cm. aMungkin bapak tidak dapat duduk dan bermain disamping kalian. Tapi, bapak tetapi ingin kalian tumbuh dengan bapak disamping kalian. Ingin tetep dapat bercerita kepada kalian. Ingin tetap dapat mengajarkan kalian. Bapak sudah siapkan. atext